Missing Word: Oscar A's Quiz Stats

 Plays Quiz Updated Feb 9, 2012

Support Sporcle.
Go Orange.
Score 0/40 Timer 05:00
0 Plays Today
Winner A Word % Correct
Raiders of the Lost ___Ark
96.5%
Woody ___Allen
94.7%
Joan of ___Arc
94.1%
___ in WonderlandAlice
93.4%
___ the World in 80 DaysAround
93.4%
___ LeeAng
91%
___ HepburnAudrey
90.6%
___ JolieAngelina
89.8%
Lawrence of ___Arabia
88.5%
The Morning ___After
87.7%
Who's ___ of Virginia Woolf?Afraid
82.9%
___ FamousAlmost
82.1%
___ BaxterAnne
77.4%
Dog Day ___Afternoon
76.5%
A Farewell to ___Arms
75.1%
Out of ___Africa
73.6%
The Poseidon ___Adventure
73%
___ GuinnessAlec
70%
___ PaquinAnna
69.9%
An ___ in ParisAmerican
68.6%
Winner A Word % Correct
___ CarneyArt
61.4%
___ 13Apollo
61.3%
Spirited ___Away
55.9%
___ AweighAnchors
53.2%
Tin Pan ___Alley
53.2%
___ QuinnAnthony
43.3%
Travels with My ___Aunt
42.5%
Gentleman's ___Agreement
41.9%
___ SchweitzerAlbert
40.6%
F. Murray ___Abraham
40.4%
___ HustonAnjelica
38%
___ NowApocalypse
35%
Don ___Ameche
33.4%
Talk to the ___Animals
31.5%
Fanny & ___Alexander
24%
Richard ___Attenborough
16.9%
This Is the ___Army
9.5%
Peggy ___Ashcroft
6.7%
John G. ___Avildsen
4.5%
___ LineAntonia's
1.3%

Today's Daily Dose

Word Ladder
ING Words

Get the Picture
Nearest Volcano

From the Vault

Missing Member: Science

by strokes_static

Science 4m
Ironically, we made need to use science to experimentally determine which member is missing.
Remove Ads.
Support Sporcle.
Get the best of Sporcle when you Go Orange. This ad-free experience offers more features, more stats, and more fun while also helping to support Sporcle. Thank you for becoming a member.

Show Comments

Extras

Top Quizzes Today


Score Distribution

Your Account Isn't Verified!

In order to create a playlist on Sporcle, you need to verify the email address you used during registration. Go to your Sporcle Settings to finish the process.

Report this User

Report this user for behavior that violates our Community Guidelines.

Details: